Statistics for Top 10 Best midfielders

Click here to take the quiz!

General Stats

  • This quiz has been taken 42 times
  • The average score is 6 of 10

Answer Stats

HintAnswer% Correct
5.Iniesta
82%
7.Xavi
79%
4.Luka Modric
74%
1.Zinedine Zidane
71%
3.Kevin De Bruyne
50%
10.lampard
50%
9.gerrard
47%
2.Kaka
45%
6.David Beckham
32%
8.Xabi Alonso
21%

Score Distribution

Percentile by Number Answered

Percent of People with Each Score

Your Score History

You have not taken this quiz